Atraktívnejšie podmienky sa rozšíria

Od septembra sa rozšíria možnosti podnikateľov získať zdroje z Podporného úverového programu za výhodnejších podmienok. Podstata výhodnosti nových podmienok. Informácia o čerpaní prostriedkov z Podporného úverového programu k 30.6. 2003.

Salvato in:
Dettagli Bibliografici
Autore principale: Gossányi, Vojtech
Natura: Capitolo di libro
Lingua:slovacco
Soggetti:
Tags: Aggiungi Tag
Nessun Tag, puoi essere il primo ad aggiungerne!!

MARC

LEADER 00000naa a2200000 4500
001 r049621
005 20230925124108.2
041 0 |a slo 
044 |a SK 
245 1 0 |a Atraktívnejšie podmienky sa rozšíria  |c Vojtech Gossányi 
520 |a Od septembra sa rozšíria možnosti podnikateľov získať zdroje z Podporného úverového programu za výhodnejších podmienok. Podstata výhodnosti nových podmienok. Informácia o čerpaní prostriedkov z Podporného úverového programu k 30.6. 2003. 
610 2 0 |a Slovensko 
610 2 0 |a Európska únia 
610 2 0 |a fondy štruktúrne 
610 2 0 |a podpora podnikania 
610 2 0 |a úver 
610 2 0 |a úverovanie 
100 1 |a Gossányi, Vojtech